[Event "Ascoli op 3rd"]
[Site "Ascoli"]
[Date "2019.06.02"]
[Round "5"]
[White "Santinelli, Michele"]
[Black "Bettalli, Francesco"]
[Result "1-0"]
[WhiteElo "1914"]
[BlackElo "2169"]
[PlyCount "49"]
[EventDate "2019.05.31"]
[EventType "swiss"]
[EventRounds "5"]
[EventCountry "ITA"]
[SourceTitle "EXT 2020"]
[Source "ChessBase"]
[SourceDate "2019.10.17"]
[SourceVersion "1"]
[SourceVersionDate "2019.10.17"]
[SourceQuality "1"]

1. d4 Nf6 2. Nf3 g6 3. Bg5 Bg7 4. Nbd2 d5 5. e3 0-0 6. Be2 c5 7. c3 Qb6 8. b3 Nc6 9. 0-0 h6 10. Bh4 Bf5 11. Ne5 Nxe5 12. dxe5 Nd7 13. f4 h5 14. Bxe7 Rfe8 15. Bh4 f6 16. e4 dxe4 17. Nc4 Qc6 18. Nd6 fxe5 19. Bb5 Qc7 20. Nxf5 gxf5 21. Qxd7 Qb6 22. Bc4+ Kh8 23. fxe5 Rxe5 24. Rxf5 Rae8 25. Rxh5+ 1-0

[Event "Porto Sant Elpidio op 18th"]
[Site "Porto Sant Elpidio"]
[Date "2015.11.29"]
[Round "6"]
[White "Santinelli, Michele"]
[Black "Pocognoli, Gianfranco"]
[Result "1-0"]
[WhiteElo "1961"]
[BlackElo "1752"]
[PlyCount "101"]
[EventDate "2015.11.21"]
[EventType "swiss"]
[EventRounds "6"]
[EventCountry "ITA"]
[SourceTitle "EXT 2018"]
[Source "ChessBase"]
[SourceDate "2017.10.13"]
[SourceVersion "1"]
[SourceVersionDate "2017.10.13"]
[SourceQuality "1"]

1. d4 d5 2. Bf4 e6 3. Nf3 Bd6 4. Bxd6 Qxd6 5. Nbd2 f5 6. e3 Nf6 7. Be2 Nbd7 8. c4 c6 9. Rc1 Qe7 10. Qc2 g6 11. Qc3 Ne4 12. Nxe4 fxe4 13. Ne5 Qg5 14. 0-0 0-0 15. f4 exf3 16. Nxf3 Qe7 17. Rf2 Nf6 18. Nd2 Bd7 19. Rcf1 Kg7 20. Bf3 a6 21. e4 Rac8 22. e5 Ng8 23. c5 Nh6 24. b4 Rf7 25. Be2 Rcf8 26. Rxf7+ Rxf7 27. Rxf7+ Qxf7 28. Qf3 Qxf3 29. Nxf3 Nf5 30. Kf2 h6 31. g4 Ne7 32. Bd3 Be8 33. h4 Bf7 34. a4 Be8 35. Nd2 Nc8 36. Nb3 b5 37. axb5 cxb5 38. Ke3 Na7 39. Kd2 Nc6 40. Kc3 Kf8 41. Na5 Nxa5 42. bxa5 Kg7 43. c6 Bxc6 44. Kb4 g5 45. h5 Kf8 46. Kc5 Bd7 47. Kb6 b4 48. Kxa6 Ke8 49. Kb7 Kd8 50. a6 Bc8+ 51. Kb6 1-0

[Event "Porto Sant Elpidio op 18th"]
[Site "Porto Sant Elpidio"]
[Date "2015.11.21"]
[Round "1"]
[White "Serpilli, Francesco"]
[Black "Santinelli, Michele"]
[Result "1-0"]
[WhiteElo "1564"]
[BlackElo "1961"]
[PlyCount "123"]
[EventDate "2015.11.21"]
[EventType "swiss"]
[EventRounds "6"]
[EventCountry "ITA"]
[SourceTitle "EXT 2018"]
[Source "ChessBase"]
[SourceDate "2017.10.13"]
[SourceVersion "1"]
[SourceVersionDate "2017.10.13"]
[SourceQuality "1"]

1. d4 Nf6 2. c4 e6 3. Nf3 b6 4. a3 Bb7 5. Nc3 d5 6. cxd5 Nxd5 7. Qc2 Nxc3 8. bxc3 Be7 9. e4 0-0 10. Bd3 c5 11. 0-0 Nc6 12. Bb2 Rc8 13. Qe2 Qd7 14. Rfd1 cxd4 15. cxd4 Qc7 16. Rac1 Qb8 17. Bb1 Rfe8 18. Qd3 Qf4 19. Rc3 Nb8 20. Rdc1 Ba6 21. Rxc8 Bxc8 22. e5 g6 23. Rc7 a5 24. Bc1 Qg4 25. Qb5 Rd8 26. Rxe7 Bd7 27. Qxb6 Rc8 28. Bd2 Kf8 29. Rxd7 Nxd7 30. Qd6+ Ke8 31. h3 Qh5 32. Bg5 f6 33. Qxe6+ Kd8 34. Bxf6+ Nxf6 35. Qxf6+ Ke8 36. Qe6+ Kd8 37. Qd6+ Ke8 38. Qe6+ Kd8 39. Qg8+ Kc7 40. Qf7+ Kb6 41. Qe6+ Rc6 42. Qb3+ Kc7 43. Qf7+ Kb6 44. Qb3+ Kc7 45. Qe3 g5 46. Be4 Rb6 47. Qc3+ Kb8 48. Qxa5 Qh6 49. Qa8+ Kc7 50. Qa7+ Kd8 51. Nxg5 Ke8 52. Qa8+ Ke7 53. Qa7+ Ke8 54. Qf7+ Kd8 55. Qd5+ Kc8 56. Bf5+ Kb8 57. Qd8+ Ka7 58. Qc7+ Ka6 59. Bd3+ Rb5 60. Bxb5+ Kxb5 61. Qc5+ Ka6 62. Qd6+ 1-0

[Event "Porto San Giorgio op 26th"]
[Site "Porto San Giorgio"]
[Date "2015.08.28"]
[Round "7"]
[White "Santinelli, Michele"]
[Black "Vincenzi, Marco"]
[Result "0-1"]
[WhiteElo "1934"]
[BlackElo "2083"]
[PlyCount "118"]
[EventDate "2015.08.22"]
[EventType "swiss"]
[EventRounds "9"]
[EventCountry "ITA"]
[SourceTitle "EXT 2016"]
[Source "ChessBase"]
[SourceDate "2015.10.08"]
[SourceVersion "1"]
[SourceVersionDate "2015.10.08"]
[SourceQuality "1"]

1. d4 Nf6 2. Bg5 Ne4 3. Bf4 c5 4. f3 Qa5+ 5. c3 Nf6 6. d5 d6 7. Na3 g6 8. e4 Bg7 9. Qd2 a6 10. Nc4 Qd8 11. a4 Nbd7 12. Nh3 Nb6 13. Nf2 Nxc4 14. Bxc4 Bd7 15. Qe2 0-0 16. 0-0 Qe8 17. a5 Bb5 18. Rfd1 Bxc4 19. Qxc4 Qb5 20. Qxb5 axb5 21. Nd3 Nd7 22. Bg5 Rfe8 23. Bf4 Ra6 24. Ra3 Rea8 25. Rda1 b6 26. e5 bxa5 27. b4 c4 28. Nf2 dxe5 29. Bg5 Bf6 30. Bh6 a4 31. Ne4 Bg7 32. Bg5 Kf8 33. Rd1 h6 34. Be3 Nf6 35. d6 Nxe4 36. dxe7+ Kxe7 37. fxe4 Rd8 38. Bc5+ Ke8 39. Rd5 f5 40. Rxd8+ Kxd8 41. Kf2 Kd7 42. Ra2 Ke6 43. Kf3 Bf6 44. g3 Be7 45. Be3 h5 46. h3 Rd6 47. exf5+ gxf5 48. Rc2 Rd3 49. Kf2 Kd5 50. Bc1 h4 51. gxh4 Bxh4+ 52. Kg2 f4 53. Bb2 f3+ 54. Kh2 e4 55. Bc1 e3 56. Bxe3 Rxe3 57. Rc1 Re2+ 58. Kh1 Re1+ 59. Kh2 Bg3+ 0-1

[Event "Porto Sant Elpidio op 17th"]
[Site "Porto Sant Elpidio"]
[Date "2014.11.23"]
[Round "2"]
[White "Medorini, Massimiliano"]
[Black "Santinelli, Michele"]
[Result "0-1"]
[WhiteElo "1890"]
[BlackElo "1837"]
[PlyCount "46"]
[EventDate "2014.11.22"]
[EventType "swiss"]
[EventRounds "6"]
[EventCountry "ITA"]
[SourceTitle "EXT 2017"]
[Source "ChessBase"]
[SourceDate "2016.10.25"]
[SourceVersion "1"]
[SourceVersionDate "2016.10.25"]
[SourceQuality "1"]

1. e4 d5 2. exd5 Qxd5 3. Nc3 Qd6 4. d4 Nf6 5. Nf3 a6 6. Bg5 Bf5 7. Bc4 Nc6 8. 0-0 e6 9. a3 Be7 10. Re1 0-0-0 11. Ne5 Rhf8 12. g4 Nxg4 13. Bxe7 Qxe7 14. Nxc6 Qh4 15. Qf3 Qxh2+ 16. Kf1 bxc6 17. Bxa6+ Kd7 18. d5 Nh6 19. dxe6+ fxe6 20. Qe3 Bg4 21. Rad1+ Ke7 22. Qc5+ Rd6 23. Nd5+ Kf7 0-1

[Event "Porto Sant Elpidio op-B 16th"]
[Site "Porto Sant Elpidio"]
[Date "2013.11.24"]
[Round "6"]
[White "Skrijely, Edin"]
[Black "Santinelli, Michele"]
[Result "0-1"]
[WhiteElo "1713"]
[BlackElo "1832"]
[PlyCount "56"]
[EventDate "2013.11.16"]
[EventType "swiss"]
[EventRounds "6"]
[EventCountry "ITA"]
[SourceTitle "EXT 2015"]
[Source "ChessBase"]
[SourceDate "2014.11.20"]
[SourceVersion "1"]
[SourceVersionDate "2014.11.20"]
[SourceQuality "1"]

1. c4 e5 2. g3 d5 3. Bg2 c6 4. cxd5 cxd5 5. d3 Nf6 6. Nc3 Bb4 7. a3 Ba5 8. Bd2 Nc6 9. Rc1 Rb8 10. b4 Bb6 11. Bg5 Bxf2+ 12. Kf1 Be6 13. Nh3 Bd4 14. Nf2 h6 15. Bd2 0-0 16. e3 Bb6 17. Na4 Bc7 18. Nc5 Bc8 19. Bf3 Ne7 20. Kg2 b6 21. Nb3 Be6 22. Ng4 Nh7 23. Rf1 e4 24. dxe4 dxe4 25. Bxe4 Bxb3 26. Nxh6+ gxh6 27. Bc3 Bxd1 28. Rcxd1 Qe8 0-1

[Event "Offida Winter op 8th"]
[Site "Offida"]
[Date "2010.12.05"]
[Round "1"]
[White "Santinelli, Michele"]
[Black "Giobbi, Costantino"]
[Result "0-1"]
[WhiteElo "1747"]
[BlackElo "1916"]
[PlyCount "52"]
[EventDate "2010.12.05"]
[EventType "swiss"]
[EventRounds "6"]
[EventCountry "ITA"]
[SourceTitle "EXT 2024"]
[Source "ChessBase"]
[SourceDate "2023.10.10"]
[SourceVersion "1"]
[SourceVersionDate "2023.10.10"]
[SourceQuality "1"]

1. Nf3 Nf6 2. d4 e6 3. Bg5 Be7 4. Nbd2 d5 5. e3 h6 6. Bh4 0-0 7. Bd3 c5 8. c3 Nc6 9. Qe2 Qc7 10. Bg3 Bd6 11. dxc5 Bxg3 12. hxg3 e5 13. e4 Bg4 14. exd5 Bxf3 15. gxf3 Nxd5 16. Ne4 Nce7 17. 0-0 Rad8 18. b4 Ng6 19. Bc4 Ndf4 20. gxf4 Nxf4 21. Qe3 b5 22. Be2 Qe7 23. Rad1 f5 24. Bxb5 Kh8 25. a4 h5 26. Nd2 Qg5+ 0-1

[Event "San Benedetto del Tronto Martire 3rd"]
[Site "San Benedetto del Tronto"]
[Date "2010.11.13"]
[Round "4"]
[White "Di Donatantonio, Franco"]
[Black "Santinelli, Michele"]
[Result "1-0"]
[WhiteElo "2123"]
[BlackElo "1747"]
[PlyCount "43"]
[EventDate "2010.11.07"]
[EventType "swiss"]
[EventRounds "6"]
[EventCountry "ITA"]
[SourceTitle "EXT 2024"]
[Source "ChessBase"]
[SourceDate "2023.10.10"]
[SourceVersion "1"]
[SourceVersionDate "2023.10.10"]
[SourceQuality "1"]

1. e4 e5 2. Nf3 Nc6 3. d3 d6 4. Be2 g6 5. 0-0 Bg7 6. Bg5 Nge7 7. c3 f5 8. exf5 Bxf5 9. Qb3 Qc8 10. d4 Be6 11. Bc4 d5 12. Bb5 e4 13. Bxe7 exf3 14. Bc5 fxg2 15. Re1 Qd7 16. Nd2 0-0-0 17. Nf3 a6 18. Ng5 Bg8 19. Re7 Qf5 20. Bxc6 bxc6 21. Qa4 Kb7 22. Qa3 1-0

[Event "Fermo Provinciale-ch FM"]
[Site "Porto San Giorgio"]
[Date "2010.01.30"]
[Round "4"]
[White "Giobbi, Costantino"]
[Black "Santinelli, Michele"]
[Result "1-0"]
[WhiteElo "1913"]
[BlackElo "1758"]
[PlyCount "62"]
[EventDate "2010.01.23"]
[EventType "swiss"]
[EventRounds "6"]
[EventCountry "ITA"]
[SourceTitle "EXT 2024"]
[Source "ChessBase"]
[SourceDate "2023.10.10"]
[SourceVersion "1"]
[SourceVersionDate "2023.10.10"]
[SourceQuality "1"]

1. d4 d5 2. Nf3 Nf6 3. e3 Bf5 4. c4 e6 5. Nc3 h6 6. Qb3 b6 7. Ne5 c6 8. Bd2 Be7 9. Be2 0-0 10. 0-0 Qc7 11. Rac1 Nbd7 12. f4 Nxe5 13. fxe5 Ne4 14. Nxe4 Bxe4 15. cxd5 Bxd5 16. Qc2 c5 17. b4 Qc6 18. Bf3 c4 19. e4 b5 20. exd5 exd5 21. Qf5 a5 22. a3 axb4 23. axb4 Ra4 24. Bd1 Bxb4 25. Bxb4 Rxb4 26. Bg4 Rb2 27. e6 f6 28. Qg6 Qb6 29. Bf5 Qxd4+ 30. Kh1 Rd8 31. e7 Ra8 1-0